Retrato em sépia / (Record no. 18)

MARC details
000 -LÍDER
campo de controle de tamanho fixo 02970nam a2200349 4500
001 - NÚMERO DE CONTROLE
campo de controle 18
003 - IDENTIFICADOR DO NÚMERO DE CONTROLE
campo de controle OSt
005 - DATA E HORÁRIO DA ÚLTIMA TRANSAÇÃO
campo de controle 20250528074009.0
008 - CAMPO DE DADOS FIXOS--INFORMAÇÃO GERAL
campo de controle de tamanho fixo 250120b |||||||e |||| 00| 1 eng d
020 ## - ISBN - INTERNATIONAL STANDARD BOOK NUMBER
ISBN - International Standard Book Number 8528608131
040 ## - FONTE DA CATALOGAÇÃO
Idioma da catalogação por
041 ## - CÓDIGO DE IDIOMA
Código do idioma do original e/ou traduções intermediárias do texto spa
Código do idioma do texto/trilha sonora ou título diferente por
082 ## - CDD - CLASSIFICAÇÃO DECIMAL DE DEWEY
Número de Classificação ch860
Número do exemplar A432r
100 ## - ENTRADA PRINCIPAL--NOME PESSOAL
Nome pessoal Allende, Isabel
Datas associadas ao nome 1942-
9 (RLIN) 29
240 ## - TÍTULO UNIFORME
Título uniforme Retrato en Sepia
245 ## - TÍTULO
Título Retrato em sépia /
Indicação de responsabilidade, etc. Allende, Isabel ; Tradução de Mario Pontes
260 ## - PUBLICAÇÃO, DISTRIBUIÇÃO, ETC.
Local de publicação, distribuição, etc. Rio de Janeiro
Nome do editor, distribuidor, etc. Bertrand Brasil
Data da publicação, distribuição, etc. 2001
300 ## - DESCRIÇÃO FÍSICA
Extensão 420 p.
490 1# - TÍTULO DA SÉRIE
Título da série Trilogia: A casa dos Espiritos
Número do volume ou designação sequencial da série parte 03
500 ## - NOTA GERAL
Nota geral Continuação de : Filha da Fortuna
520 ## - NOTA DE RESUMO, ETC.
Resumo, etc. " Vivo entre difusos matizes, veludos mistérios, incertezas; o tom adequado para contar minha vida se ajusta melhor ao de um retrato em sépia..." Através das palavras finais da narrativa de Retrato em Sépia, o mais recente livro de Isabel Allende, compreendemos a verdadeira dimensão da história de Aurora del Valle (neta de Eliza Sommers, protagonista de Filha da Fortuna). Juntando recordações ilusórias e os fios evasivos de personagens que passaram pelo seu destino, a protagonista procura entender o seu passado. A narrativa, que dá seqüência ao romance Filha da Fortuna, começa em 1862, transcorrendo até 1896. Órfã de mãe, durante o parto, Aurora del Valle nasceu no bairro de Chinatown, em San Francisco, em 1880, e foi criada pela enérgica e austera avó Paulina Del Valle. Enovelada com os segredos de família, a protagonista cresce em um ambiente privilegiado, livre de muitas das limitações que oprimiam as mulheres de sua época, mas, infelizmente, vive atormentada por horríveis pesadelos. Retrato em Sépia destaca-se como romance histórico, onde a memória constitui o tema central. Nesta atraente saga familiar, o leitor, reencontrará no decorrer da leitura, alguns dos personagens de Filha da Fortuna e de A Casa dos Espíritos. A AUTORA Isabel Allende, embora de nacionalidade chilena, nasceu em Lima, capital peruana, em 1942. Aos dezessete anos inicia uma intensa carreira como jornalista e escritora. Em 1982, Isabel Allende publica ACasa dos Espíritos, que imediatamente a consagraria como uma das mais brilhantes escritoras da língua espanhola e a colocaria no rol dos escritores latino-americanos mais traduzidos. A fulgurante carreira literária de Isabel Allende prosseguiu com De Amor e de Sombra, Eva Luna, O Plano Infinito, Paula, Cartas a Paula, Contos de Eva Luna, Afrodite e Filha da Fortuna, todos publicados pela Bertrand Brasil. Atualmente a autora reside nos Estados Unidos, em Sausalito, Califórnia, com o marido William Gordon.
650 #0 - ASSUNTO--TERMO TÓPICO
Cabeçalho tópico ou nome geográfico Literatura Chilena
9 (RLIN) 88
650 #0 - ASSUNTO--TERMO TÓPICO
Cabeçalho tópico ou nome geográfico Drama
9 (RLIN) 18
650 #0 - ASSUNTO--TERMO TÓPICO
Cabeçalho tópico ou nome geográfico Amor e Paixão
9 (RLIN) 25
650 #0 - ASSUNTO--TERMO TÓPICO
Cabeçalho tópico ou nome geográfico Época
9 (RLIN) 31
650 #0 - ASSUNTO--TERMO TÓPICO
Cabeçalho tópico ou nome geográfico Emponderamento
9 (RLIN) 32
655 #0 - TERMO DE ÍNDICE--GÊNERO E FORMA
Gênero/forma/ou termo foco Romance
655 #0 - TERMO DE ÍNDICE--GÊNERO E FORMA
Gênero/forma/ou termo foco Ficção
700 ## - ENTRADA ADICIONADA - NOME PESSOAL
Nome pessoal Mario Pontes
Função do autor por extenso Tradutor
9 (RLIN) 37
830 ## - ENTRADA SECUNDÁRIA DE SÉRIE--TÍTULO UNIFORME
Título uniforme Trilogia: A casa dos Espiritos
9 (RLIN) 39
Número do volume ou designação sequencial da série parte 03
942 ## - ELEMENTOS DE ENTRADA ADICIONADOS (KOHA)
Fonte de classificação ou esquema de arquivamento Classificação decimal de Dewey
Ocultar no OPAC Não
Tipo de material Koha Livros
Holdings
Situação do descarte Situação das perdas Fonte de classificação ou esquema de arquivamento Materiais especificados (volume encadernado ou outra parte) Status danificado Não pode ser emprestado Biblioteca de origem Biblioteca atual Localização na estante Data de aquisição Fonte de aquisição Total de empréstimos Número de chamada completo Código de barras Data de último acesso Data do preço efetivo Tipo de material Koha
    Classificação decimal de Dewey vol. 03     Biblioteca Professor Eduardo Afonso de Castro Biblioteca Professor Eduardo Afonso de Castro Literatura Estrangeira 07.06.2016 doação   ch860 / A432r 2025-15340 20.01.2025 20.01.2025 Livros

Powered by Koha